MDQL
is popping MORE tags! Check the
thread
!
Quizzes
Events
Quiz Creation
Community
Videos
Private Events
Remove Ads
Sign In
Join for FREE
Feedback
Dark Mode
Quiz Categories
Sports
Geography
Music
Movies
Television
Just For Fun
Miscellaneous
History
Literature
Language
Science
Gaming
Entertainment
Religion
Holiday
For Kids
Quiz Lab
Recent
Popular Today
Quiz Kudos Today
Editor Picks
Curator Picks
Quizzes by...
Day
Popularity
Type
Ratings
Length
Year
Community
Subscriptions
Recent Discussions
Orange Saloon
Badges
Playlists
Quests
Create
Leaderboards
Showdown
Live 5
Trivia Bingo
Activity
Puzzle Library
Sporcle Events
Private Events
Virtual Trivia
Globe League
Become a Host
Pub Owners
SporcleCon
Opinionation
Our Games
Videos
Blog
Mobile Apps
Partnerships
Remove Ads and Go Orange
Feedback
Science
Computer
Plants
Astronomy
Chemistry
Elements
Math
Animal
Physics
Anatomy
Biology
Geology
General Science
Science
Computer
Plants
Astronomy
Chemistry
Elements
Math
Animal
Physics
Anatomy
Biology
Geology
General Science
Random Quiz
Search Sporcle
×
Quiz Lab
Quiz Lab
Science
Vocabulary
Type in answers that appear in a list
Type in answers that appear in a list
Classic
Best Score? Go Orange.
ECOLOGY Ch6: Water Relations Stats
Can you name the ECOLOGY Ch6: Water Relations Term?
By
moryczsa
10m
11 Questions
20 Plays
20 Plays
20 Plays
Comments
Comments
Give Quiz Kudos
Give Quiz Kudos
-
- Ratings
hide this ad
Random Order
Randomize order of answers
Randomize order of answers
Replay
Link that replays current quiz
Next Quiz
Link to next quiz in quiz playlist
You Got
0%
They Got
Avg Score
41%
Avg Friend Score
Upgrade to see
Score Distribution
Jump to the score distribution portion of the page
Score
0/11
Timer
10:00
0
Plays Today
Definition
Term
% Correct
diffusion of water down its concentration gradient
Osmosis
85%
Transport of material due to random movements of particles; net movement is from areas of high concentration to low concentration
Diffusion
80%
Measure of the water content of air relative to its content at saturation
Relative Humidity
70%
atmospheric pressure exerted by the water vapor in the air; increases as the water vapor in the air increases.
Water Vapor Pressure
50%
capacity of water to do work, which is determined by its free energy content
Water Potential
50%
resulting from water's tendency to adhere to the walls of containers like cell walls
Matric Forces
35%
regulation of internal salt concentration and water using a variety of anatomical structures and physiological processes; energy consuming process
Osmoregulation
35%
analysis of relative concentrations of stable isotopes such as carbon-
13 and carbon-
12 in materials; used in ecology to study flow of energy and materials through ecosystems
Stable isotope analysis
35%
Pressure exerted by the water vapor in air that is saturated with water vapor
Saturation Water Vapor Pressure
25%
difference between actual water vapor pressure and the saturation water vapor pressure at a particular temperature
Vapor Pressure Deficit
25%
released during oxidation of organic molecules
Metabolic Water
20%
Quiz Playlist
Details
Report
Send in Message
Add To Playlist
Classic:
Type in answers that appear in a list
Random Order:
Randomize order of answers
Last Updated: Feb 16, 2017
Quiz Scoreboard
CHALLENGE
Sign Up to Join the Scoreboard
Show All
Scores
Hide
Comments
May contain spoilers
Recently Published
Two Season TV Shows II
by 123Four
Television
10m
Image Sorting: Flags VI
by Barbecue
Geography
2m
Find the 'City' Movie
by crazypaving
Movies
60s
More to Explore
Quiz From the Vault
Featured Blog Post
14 Easter Pick-up Lines to Find Eggs With
hide this ad
You Might Also Like...
Tags
Vocabulary Quiz
Ecology
Ecology Concepts
relationship
Water
Today's Top Quizzes in Science
Browse Science
hide this ad
Today's Top Quizzes in Vocabulary
Browse Vocabulary
Top Contributed Quizzes in Science
1
Mitosis Sporcle for Escape Room
2
Windmill: Elements
3
200 Vogels in Nederland
4
Square Numbers Scrambled (1-50)
5
Elements In Images
6
Glycolysis
7
Count to 60
8
Quick Pick: 'CI-CJ' Animals
9
17 TIMES TABLE
10
perfect squares 1-25
Explore More
Trending Topics
Marvel
Anime
Crossword
NBA
Kpop
Harry Potter
Disney
Country
Puzzle
WWE
Pokémon
Song
NFL
Soccer
The Office
hide this ad
More By:
moryczsa
Quiz
Plays
Rating
Category
Featured
Created
ECOLOGY Ch4: Population Genetics
86
Science
Feb 7, 2011
ECOLOGY Ch5: Temperature Relations
64
Science
Feb 7, 2011
ECOLOGY Ch2: Life on Land
27
Science
Feb 7, 2011
Education Terms: part 3
20
Miscellaneous
Dec 15, 2010
ECOLOGY Ch6: Water Relations
20
Science
Feb 7, 2011
Go to Creator's Profile
Score Distribution
Quiz Creator Spotlight
moryczsa
Follow
Send a Message
Quizzes Created
-
Created Quiz Play Count
-
More By This Creator
Popular Quizzes Today
1
Find the US States - No Outlines Minefield
2
Colored Red Africa Blitz
3
Find the 'City' Movie
4
5x2 Blitz: Bands
5
The Countries of the World
6
Find the Countries of Europe - No Outlines Minefield
7
Find the US States
8
US States
More Science Quizzes
Find the Twin Animals
Curator's Pick
Trending Quizzes
Colored Red Europe Blitz I
Colored Red Africa Blitz II
Colored Red Europe Blitz II
Colored Red Europe Blitz III
Colored Red Africa Blitz III
Recently Updated
How Do You Spell That?
pecheneg
Godzilla Movies
pecheneg
Grab Bag: 4-10 Letters
pecheneg
2024 March Madness Bracket
pecheneg
Famous TV Couples
Peacemaker
Champions League XIs: Real Madrid
pecheneg
Largest US Cities 1790-2010
pecheneg
Rides in Walt Disney World
pecheneg
Most Oscar Losses (Acting)
pecheneg
Beyoncé Albums
pecheneg
Trending Topics
Marvel
Harry Potter
Anime
NBA
Kpop
Disney
Crossword
Song
Soccer
Country
Pokémon
WWE
NFL
Puzzle
The Office
Your Account Isn't Verified!
In order to create a playlist on Sporcle, you need to verify the email address you used during registration. Go to your
Sporcle Settings
to finish the process.
Report this User
Report this user for behavior that violates our
Community Guidelines
.
Details:
Send Report
Go to the Sporcle.com Mobile Site →
Comments